La notara̕ (desde 1995)

Bibliographic Details
Corporate Author: Collegi de Notaris de Catalunya
Format: Unknown
Language:Catalan
Published: Barcelona : Collegi de Notaris de Catalunya
Subjects:
Online Access:Acceso restringido

MARC

LEADER 00000ny a22000003n 4500
005 20110509133313.0
008 080214c19959999sp zr s 000 a0cat c
022 |a 0210-427X  
035 |a 500 
040 |a UMA.RE  |d vlex 
080 |a 347.961(051) 
090 |c 1460  |d 1460 
245 0 3 |a La notara̕  |h [Recurso electrn̤ico]  |b (desde 1995) 
256 |a Servicio en ln̕ea 
260 |a Barcelona :  |b Collegi de Notaris de Catalunya 
310 |a 9 ̤10 nm︢s. al aǫ 
506 1 |a Contenido solo disponible en los productos indicados  |d vLex Global  |d vLex Global (Academic Edition, excluding Law Schools)  |d vLex Global (U.S. Academic Edition, Law Schools)  |d vLex Global (U.S. Academic Edition, excluding Law Schools)  |d vLex Global (Academic Edition, Law Schools) 
650 0 7 |a Notario  |2 Tesauro vLex 
650 0 7 |2 Tesauro vLex  |a Civil 
650 0 7 |2 Tesauro vLex  |a Registro y Notara̕ 
650 0 7 |2 Tesauro vLex  |a Derecho registral 
710 2 |a Collegi de Notaris de Catalunya 
740 0 |a vLex Revista (Servicios en ln̕ea) 
853 |8 1  |i (year)  |j (month)  |k (day) 
856 4 0 |u http://vlex.com/source/notaria-500  |z Acceso restringido 
942 |c REV